The microbiology of terrestrial ecosystems
Αποθηκεύτηκε σε:
| Κύριος συγγραφέας: | |
|---|---|
| Μορφή: | Βιβλίο |
| Γλώσσα: | English |
| Δημοσίευση: |
London :
Longman Scientific and Technical,
1987
|
| Θέματα: | |
| Ετικέτες: |
Προσθήκη ετικέτας
Δεν υπάρχουν, Καταχωρήστε ετικέτα πρώτοι!
|
MARC
| LEADER | 00000nam a2200000 i 4500 | ||
|---|---|---|---|
| 001 | 1/5926 | ||
| 008 | 960619s1987 eng d | ||
| 020 | |a 0-582-45022-5 | ||
| 035 | |l 10016177 | ||
| 040 | |a GR-MY-UA |b gre |e aacr | ||
| 041 | 0 | |a eng | |
| 082 | 0 | |a 576.1509148 | |
| 100 | 1 | |a Richards, B. N. |d 1928- | |
| 245 | 1 | 4 | |a The microbiology of terrestrial ecosystems / |c B. N. Richards |
| 260 | |a London : |b Longman Scientific and Technical, |c 1987 | ||
| 300 | |a 400 p. |b ill.; tables; maps; fig. | ||
| 504 | |a Includes index. | ||
| 650 | 0 | 0 | |a Soil microbiology. |
| 650 | 0 | 0 | |a Soil ecology. |
| 852 | |a INST |b LESVOS |e 19960619 |h 576.1509148 RIC |p 005100005602 |q 005100005602 |t BK |y 0 | ||
| 909 | |a Λ |b 017182 | ||